000 00773nam a2200205Ii 4500
003 JO-AjNU
008 230605s9999||||xx |||||||||||||| ||und||
017 _a1990/10/668
040 _aJO-AjNU
_bara
_erda
_cJO-AjNU
041 _aara
050 1 4 _aPJ65051.A2888 1990
100 3 _aتاليف ابو مغلي ،سميح؛م.مشارك مصطفى محمد الفار,
_eauthor
_99016
245 0 0 _aالأصول في اللغة العربية وأدابها
264 3 1 _aعمان: دار القدس للنشر والتوزيع،1990
300 _a175ص
336 _atext
_btxt
_2rdacontent
337 _aunmediated
_bn
_2rdamedia
338 _avolume
_bnc
_2rdacarrier
650 4 _aاللغة العربية-اللغة-اللغة العربية وادابها-فقة
_99017
999 _aA1084
_c4652
_d4652